[Event "Najdorf Memorial B"]
[Site "Warsaw POL"]
[Date "2021.07.15"]
[Round "6.3"]
[White "Rejniak, Zuzanna"]
[Black "Dropia, Rafal"]
[Result "1-0"]
[WhiteElo "1768"]
[BlackElo "1634"]
[EventDate "????.??.??"]
[PlyCount "95"]
[LiveChessVersion "1.4.8"]

1.e4 {[%clk 1:19:38]} 1...c5 {[%clk 1:30:58]} 2.Ne2 {[%clk 1:19:21]} 2...Nc6 
{[%clk 1:30:58]} 3.Nbc3 {[%clk 1:19:23]} 3...Nf6 {[%clk 1:30:02]} 4.g3 {[%clk
1:19:29]} 4...e6 {[%clk 1:26:49]} 5.Bg2 {[%clk 1:19:14]} 5...d5 {[%clk 1:26:55]} 
6.exd5 {[%clk 1:18:23]} 6...exd5 {[%clk 1:27:21]} 7.d4 {[%clk 1:17:19]} 
7...cxd4 {[%clk 1:25:59]} 8.Nxd4 {[%clk 1:17:00]} 8...Bc5 {[%clk 1:25:16]} 
9.Qe2+ {[%clk 1:10:10]} 9...Qe7 {[%clk 1:17:02]} 10.Qxe7+ {[%clk 1:08:21]} 
10...Kxe7 {[%clk 1:17:31]} 11.Nb3 {[%clk 1:01:19]} 11...Bb4 {[%clk 1:15:44]} 
12.Bd2 {[%clk 0:52:50]} 12...Be6 {[%clk 1:13:42]} 13.O-O {[%clk 0:49:23]} 
13...Rhd8 {[%clk 1:09:31]} 14.a3 {[%clk 0:27:42]} 14...Bxc3 {[%clk 1:09:56]} 
15.Bxc3 {[%clk 0:28:04]} 15...d4 {[%clk 1:07:24]} 16.Ba5 {[%clk 0:24:08]} 
16...Nxa5 {[%clk 1:06:03]} 17.Nxa5 {[%clk 0:24:32]} 17...Bd5 {[%clk 0:58:20]} 
18.Rfe1+ {[%clk 0:18:02]} 18...Kf8 {[%clk 0:56:22]} 19.Rad1 {[%clk 0:14:31]} 
19...Bxg2 {[%clk 0:38:29]} 20.Kxg2 {[%clk 0:14:54]} 20...Rd5 {[%clk 0:38:40]} 
21.Nb3 {[%clk 0:11:14]} 21...Rad8 {[%clk 0:38:07]} 22.Rd3 {[%clk 0:11:24]} 
22...Ng4 {[%clk 0:30:10]} 23.Re4 {[%clk 0:09:02]} 23...Ne5 {[%clk 0:30:05]} 
24.Rdxd4 {[%clk 0:09:25]} 24...Rxd4 {[%clk 0:30:27]} 25.Nxd4 {[%clk 0:09:11]} 
25...Nc6 {[%clk 0:28:23]} 26.Nxc6 {[%clk 0:09:11]} 26...bxc6 {[%clk 0:28:53]} 
27.b4 {[%clk 0:06:10]} 27...Rd6 {[%clk 0:23:52]} 28.Kf3 {[%clk 0:05:29]} 
28...f6 {[%clk 0:21:33]} 29.Ke3 {[%clk 0:05:39]} 29...Kf7 {[%clk 0:19:14]} 
30.Rd4 {[%clk 0:05:49]} 30...Re6+ {[%clk 0:19:29]} 31.Kd3 {[%clk 0:05:55]} 
31...Re7 {[%clk 0:18:28]} 32.Rd6 {[%clk 0:06:12]} 32...Rc7 {[%clk 0:18:51]} 
33.Kc4 {[%clk 0:06:31]} 33...Ke7 {[%clk 0:19:07]} 34.Kc5 h5 {[%clk 0:17:32]} 
35.a4 {[%clk 0:05:32]} 35...g5 {[%clk 0:17:49]} 36.a5 {[%clk 0:05:25]} 36...h4 
{[%clk 0:15:23]} 37.gxh4 {[%clk 0:05:35]} 37...gxh4 {[%clk 0:15:52]} 38.Rd4 
{[%clk 0:05:58]} 38...h3 {[%clk 0:15:37]} 39.Rh4 {[%clk 0:06:14]} 39...Ke6 
{[%clk 0:14:45]} 40.Rxh3 {[%clk 0:06:35]} 40...Rg7 {[%clk 0:14:25]} 41.Kxc6 
{[%clk 0:05:28]} 41...Rg4 {[%clk 0:14:08]} 42.b5 {[%clk 0:05:27]} 42...Rc4+ 
{[%clk 0:13:24]} 43.Kb7 {[%clk 0:05:42]} 43...Rxc2 {[%clk 0:13:52]} 44.Kxa7 
{[%clk 0:05:46]} 44...Rxf2 {[%clk 0:13:02]} 45.b6 {[%clk 0:06:12]} 45...Rg2 
{[%clk 0:12:59]} 46.b7 {[%clk 0:06:33]} 46...Rg7 {[%clk 0:12:35]} 47.Ka8 {[%clk
0:06:55]} 47...Rg5 {[%clk 0:12:54]} 48.a6 {[%clk 0:07:09]} 1-0

[Event "Najdorf Memorial B"]
[Site "Warsaw POL"]
[Date "2021.07.15"]
[Round "6.4"]
[White "Szymkiewicz, Witold"]
[Black "Michalowski, Patryk"]
[Result "1/2-1/2"]
[WhiteElo "1413"]
[BlackElo "1770"]
[EventDate "????.??.??"]
[PlyCount "79"]
[LiveChessVersion "1.4.8"]

1.e4 {[%clk 1:30:59]} 1...c5 {[%clk 1:30:55]} 2.Nf3 {[%clk 1:31:24]} 2...d6 
{[%clk 1:31:20]} 3.c4 {[%clk 1:31:46]} 3...Nc6 {[%clk 1:29:03]} 4.d4 {[%clk
1:32:03]} 4...cxd4 {[%clk 1:29:11]} 5.Nxd4 {[%clk 1:32:26]} 5...Qb6 {[%clk
1:29:05]} 6.Nc2 {[%clk 1:30:01]} 6...g6 {[%clk 1:26:20]} 7.Nc3 {[%clk 1:28:38]} 
7...Bg7 {[%clk 1:25:29]} 8.Nd5 {[%clk 1:27:35]} 8...Qd8 {[%clk 1:25:48]} 9.Be2 
{[%clk 1:27:02]} 9...Nf6 {[%clk 1:23:23]} 10.Nxf6+ {[%clk 1:26:15]} 10...Bxf6 
{[%clk 1:23:24]} 11.Ne3 {[%clk 1:25:31]} 11...Bg7 {[%clk 1:20:33]} 12.Nd5 
{[%clk 1:24:09]} 12...O-O {[%clk 1:17:53]} 13.h4 {[%clk 1:23:06]} 13...Be6 
{[%clk 1:14:03]} 14.h5 {[%clk 1:21:25]} 14...Bxd5 {[%clk 1:06:16]} 15.exd5 
{[%clk 1:21:07]} 15...Ne5 {[%clk 1:03:46]} 16.hxg6 {[%clk 1:20:45]} 16...hxg6 
{[%clk 1:02:45]} 17.Bh6 {[%clk 1:19:12]} 17...Bxh6 {[%clk 1:01:21]} 18.Rxh6 
{[%clk 1:18:52]} 18...Qa5+ {[%clk 1:01:37]} 19.Qd2 {[%clk 1:17:48]} 19...Qxd2+ 
{[%clk 1:02:00]} 20.Kxd2 {[%clk 1:18:17]} 20...Kg7 {[%clk 1:02:05]} 21.Rah1 
{[%clk 1:17:48]} 21...Rh8 {[%clk 0:58:00]} 22.Rxh8 {[%clk 1:18:11]} 22...Rxh8 
{[%clk 0:58:25]} 23.Rxh8 {[%clk 1:18:35]} 23...Kxh8 {[%clk 0:58:51]} 24.f4 
{[%clk 1:18:58]} 24...Nd7 {[%clk 0:59:08]} 25.b4 {[%clk 1:19:05]} 25...Kg7 
{[%clk 0:58:17]} 26.Kd3 {[%clk 1:18:57]} 26...f5 {[%clk 0:55:12]} 27.g4 {[%clk
1:15:29]} 27...Kf6 {[%clk 0:52:29]} 28.g5+ {[%clk 1:15:02]} 28...Kf7 {[%clk
0:52:53]} 29.Bf3 {[%clk 1:14:39]} 29...b6 {[%clk 0:52:39]} 30.a4 {[%clk
1:13:35]} 30...a5 {[%clk 0:51:40]} 31.Kc3 {[%clk 1:12:46]} 31...Ke8 {[%clk
0:51:13]} 32.Bd1 {[%clk 1:12:42]} 32...Kd8 {[%clk 0:50:58]} 33.Bc2 {[%clk
1:11:56]} 33...Kc7 {[%clk 0:50:50]} 34.Bb1 {[%clk 1:09:40]} 34...axb4+ {[%clk
0:46:22]} 35.Kxb4 {[%clk 1:10:05]} 35...Nc5 {[%clk 0:46:43]} 36.Bc2 {[%clk
1:10:17]} 36...Kb7 {[%clk 0:31:52]} 37.Kb5 {[%clk 1:05:10]} 37...Kc7 {[%clk
0:30:53]} 38.Bb1 {[%clk 1:02:58]} 38...Kb7 {[%clk 0:30:53]} 39.Bc2 {[%clk
1:02:48]} 39...Kc7 {[%clk 0:31:17]} 40.Kb4 {[%clk 0:59:21]} 1/2-1/2

[Event "Najdorf Memorial B"]
[Site "Warsaw POL"]
[Date "2021.07.15"]
[Round "6.5"]
[White "Seo, Ian"]
[Black "Goral, Jan"]
[Result "1/2-1/2"]
[WhiteElo "1451"]
[BlackElo "1707"]
[EventDate "????.??.??"]
[PlyCount "66"]
[LiveChessVersion "1.4.8"]

1.e4 {[%clk 1:27:28]} 1...c5 {[%clk 1:30:49]} 2.Nf3 {[%clk 1:27:27]} 2...g6 
{[%clk 1:30:50]} 3.c3 {[%clk 1:27:07]} 3...Nf6 {[%clk 1:30:33]} 4.e5 {[%clk
1:25:55]} 4...Nd5 {[%clk 1:30:41]} 5.d4 {[%clk 1:25:45]} 5...cxd4 {[%clk
1:31:04]} 6.cxd4 {[%clk 1:26:08]} 6...Bg7 {[%clk 1:30:22]} 7.Bc4 {[%clk
1:16:40]} 7...Nb6 {[%clk 1:29:27]} 8.Bb3 {[%clk 1:14:34]} 8...Nc6 {[%clk
1:26:57]} 9.O-O {[%clk 1:11:30]} 9...O-O {[%clk 1:24:33]} 10.Nc3 {[%clk
1:09:23]} 10...d6 {[%clk 1:17:58]} 11.Bf4 {[%clk 1:07:01]} 11...Bg4 {[%clk
1:02:55]} 12.Re1 {[%clk 1:00:34]} 12...Bxf3 {[%clk 0:50:55]} 13.Qxf3 {[%clk
1:00:13]} 13...Nxd4 {[%clk 0:22:07]} 14.Qxb7 {[%clk 0:54:27]} 14...Nd7 {[%clk
0:13:40]} 15.exd6 {[%clk 0:49:37]} 15...e5 {[%clk 0:14:03]} 16.Bg3 {[%clk
0:44:43]} 16...Nc5 {[%clk 0:13:58]} 17.Qd5 {[%clk 0:42:33]} 17...Ncxb3 {[%clk
0:13:07]} 18.axb3 {[%clk 0:42:39]} 18...Nc2 {[%clk 0:13:24]} 19.Rac1 {[%clk
0:41:37]} 19...Nxe1 {[%clk 0:13:35]} 20.Rxe1 {[%clk 0:42:04]} 20...Qd7 {[%clk
0:12:20]} 21.Bxe5 {[%clk 0:21:15]} 21...Bxe5 {[%clk 0:12:10]} 22.Rxe5 {[%clk
0:21:37]} 22...Rae8 {[%clk 0:12:27]} 23.Ne4 {[%clk 0:19:48]} 23...Re6 {[%clk
0:05:25]} 24.Nc5 {[%clk 0:18:42]} 24...Rxe5 {[%clk 0:05:44]} 25.Qxe5 {[%clk
0:18:21]} 25...Qc6 {[%clk 0:04:08]} 26.d7 {[%clk 0:17:29]} 26...h5 {[%clk
0:02:49]} 27.Qe7 {[%clk 0:15:15]} 27...Qd5 {[%clk 0:02:22]} 28.h3 {[%clk
0:13:42]} 28...Kg7 {[%clk 0:00:57]} 29.Nb7 {[%clk 0:13:59]} 29...Qd1+ {[%clk
0:00:41]} 30.Kh2 {[%clk 0:14:20]} 30...Qd2 {[%clk 0:00:32]} 31.d8=Q {[%clk
0:14:34]} 31...Rxd8 {[%clk 0:01:00]} 32.Nxd8 {[%clk 0:13:38]} 32...Qf4+ {[%clk
0:01:18]} 33.Kg1 {[%clk 0:13:38]} 33...Qc1+ {[%clk 0:01:41]} 1/2-1/2

[Event "Najdorf Memorial B"]
[Site "Warsaw POL"]
[Date "2021.07.15"]
[Round "6.6"]
[White "Jozwik, Michal"]
[Black "Janik, Marcin"]
[Result "0-1"]
[WhiteElo "1435"]
[BlackElo "1705"]
[EventDate "????.??.??"]
[PlyCount "91"]
[LiveChessVersion "1.4.8"]

1.d4 {[%clk 1:30:56]} 1...Nf6 {[%clk 1:30:55]} 2.c4 {[%clk 1:31:16]} 2...g6 
{[%clk 1:31:19]} 3.Nc3 {[%clk 1:31:26]} 3...Bg7 {[%clk 1:31:44]} 4.Bf4 {[%clk
1:31:32]} 4...d6 {[%clk 1:31:42]} 5.e3 {[%clk 1:31:30]} 5...O-O {[%clk 1:32:04]} 
6.Be2 {[%clk 1:31:33]} 6...Nbd7 {[%clk 1:24:34]} 7.Nf3 {[%clk 1:31:53]} 7...c6 
{[%clk 1:21:26]} 8.h3 {[%clk 1:29:34]} 8...a6 {[%clk 1:19:05]} 9.b4 {[%clk
1:25:14]} 9...a5 {[%clk 0:58:40]} 10.a3 {[%clk 1:24:42]} 10...axb4 {[%clk
0:56:28]} 11.axb4 {[%clk 1:25:09]} 11...Rxa1 {[%clk 0:56:50]} 12.Qxa1 {[%clk
1:25:31]} 12...Re8 {[%clk 0:51:31]} 13.O-O {[%clk 1:21:53]} 13...e5 {[%clk
0:50:21]} 14.Bh2 {[%clk 1:21:28]} 14...exd4 {[%clk 0:47:01]} 15.exd4 {[%clk
1:11:57]} 15...d5 {[%clk 0:46:38]} 16.c5 {[%clk 1:09:15]} 16...Ne4 {[%clk
0:43:57]} 17.Bd3 {[%clk 1:00:18]} 17...Ng5 {[%clk 0:39:39]} 18.Nxg5 {[%clk
0:57:14]} 18...Qxg5 {[%clk 0:40:06]} 19.Ne2 {[%clk 0:57:28]} 19...Qd2 {[%clk
0:38:00]} 20.Qb1 {[%clk 0:50:00]} 20...Qg5 {[%clk 0:32:53]} 21.Qc1 {[%clk
0:47:33]} 21...Qe7 {[%clk 0:31:34]} 22.Bd6 {[%clk 0:46:33]} 22...Qf6 {[%clk
0:29:20]} 23.b5 {[%clk 0:43:16]} 23...Nf8 {[%clk 0:28:56]} 24.bxc6 {[%clk
0:40:45]} 24...bxc6 {[%clk 0:29:25]} 25.Qb2 {[%clk 0:37:03]} 25...Ne6 {[%clk
0:27:14]} 26.Qb6 {[%clk 0:34:55]} 26...Bd7 {[%clk 0:22:30]} 27.Qb7 {[%clk
0:34:56]} 27...Qd8 {[%clk 0:21:42]} 28.Ra1 {[%clk 0:30:06]} 28...Nxd4 {[%clk
0:20:09]} 29.Nxd4 {[%clk 0:30:00]} 29...Bxd4 {[%clk 0:20:34]} 30.Ra7 {[%clk
0:30:02]} 30...Qf6 {[%clk 0:11:44]} 31.Bg3 {[%clk 0:24:54]} 31...Bc8 {[%clk
0:09:43]} 32.Qc7 {[%clk 0:22:32]} 32...Bxc5 {[%clk 0:06:45]} 33.Ra8 {[%clk
0:18:51]} 33...Qe6 {[%clk 0:06:34]} 34.Ba6 {[%clk 0:17:39]} 34...Bxa6 {[%clk
0:06:38]} 35.Rxa6 {[%clk 0:18:04]} 35...Rc8 {[%clk 0:06:35]} 36.Qb7 {[%clk
0:18:01]} 36...d4 {[%clk 0:04:23]} 37.Bc7 {[%clk 0:17:25]} 37...Re8 {[%clk
0:01:12]} 38.Rxc6 {[%clk 0:17:21]} 38...Qe1+ {[%clk 0:01:14]} 39.Kh2 {[%clk
0:17:47]} 39...Bf8 {[%clk 0:01:00]} 40.Qb5 {[%clk 0:16:09]} 40...Bg7 {[%clk
0:00:50]} 41.Rc1 {[%clk 0:14:36]} 41...Qe4 {[%clk 0:00:45]} 42.Bg3 {[%clk
0:14:42]} 42...Bh6 {[%clk 0:00:41]} 43.Rc4 {[%clk 0:14:23]} 43...Bf4 {[%clk
0:00:54]} 44.Rxd4 {[%clk 0:14:28]} 44...Bxg3+ {[%clk 0:01:07]} 45.Kxg3 {[%clk
0:12:52]} 45...Qe5+ {[%clk 0:01:06]} 46.Qxe5 {[%clk 0:13:19]} 0-1

[Event "Najdorf Memorial B"]
[Site "Warsaw POL"]
[Date "2021.07.15"]
[Round "6.7"]
[White "Hertlein, Irena"]
[Black "Kaluza, Maksymilian"]
[Result "1-0"]
[WhiteElo "1643"]
[BlackElo "1446"]
[EventDate "????.??.??"]
[PlyCount "83"]
[LiveChessVersion "1.4.8"]

1.d4 {[%clk 1:30:57]} 1...Nf6 {[%clk 1:19:00]} 2.Nf3 {[%clk 1:31:21]} 2...g6 
{[%clk 1:19:07]} 3.Nc3 {[%clk 1:31:40]} 3...d5 {[%clk 1:18:52]} 4.Bf4 {[%clk
1:32:04]} 4...c6 {[%clk 1:18:08]} 5.e3 {[%clk 1:31:08]} 5...Bg7 {[%clk 1:12:53]} 
6.Be2 {[%clk 1:31:13]} 6...Nbd7 {[%clk 1:12:32]} 7.Qd2 {[%clk 1:21:12]} 7...Ne4 
{[%clk 1:10:37]} 8.Nxe4 {[%clk 1:21:35]} 8...dxe4 {[%clk 1:11:01]} 9.Ng5 {[%clk
1:21:53]} 9...Nf6 {[%clk 1:07:26]} 10.Be5 {[%clk 1:22:00]} 10...O-O {[%clk
0:55:45]} 11.Bxf6 {[%clk 1:18:02]} 11...exf6 {[%clk 0:55:43]} 12.Nxe4 {[%clk
1:18:26]} 12...Re8 {[%clk 0:55:38]} 13.Nc5 {[%clk 1:14:25]} 13...f5 {[%clk
0:54:02]} 14.Nd3 {[%clk 0:56:43]} 14...Bh6 {[%clk 0:52:39]} 15.Rd1 {[%clk
0:36:42]} 15...Qd5 {[%clk 0:44:02]} 16.O-O {[%clk 0:35:31]} 16...Qxa2 {[%clk
0:42:08]} 17.Ne5 {[%clk 0:19:20]} 17...Be6 {[%clk 0:40:56]} 18.Bc4 {[%clk
0:13:05]} 18...Qxb2 {[%clk 0:34:20]} 19.Bxe6 {[%clk 0:13:23]} 19...Rxe6 {[%clk
0:33:50]} 20.Rb1 {[%clk 0:13:37]} 20...Qa3 {[%clk 0:31:48]} 21.Rxb7 {[%clk
0:13:52]} 21...Qa6 {[%clk 0:30:21]} 22.Rfb1 {[%clk 0:11:45]} 22...f6 {[%clk
0:17:59]} 23.Nd7 {[%clk 0:11:31]} 23...Qc4 {[%clk 0:16:55]} 24.Qa5 {[%clk
0:10:28]} 24...Rae8 {[%clk 0:07:57]} 25.Qc7 R8e7 {[%clk 0:07:41]} 26.Qd8+ 
{[%clk 0:04:12]} 26...Kf7 {[%clk 0:07:40]} 27.Rb8 {[%clk 0:02:23]} 27...Re8 
{[%clk 0:07:44]} 28.Qc7 {[%clk 0:02:18]} 28...R8e7 {[%clk 0:07:39]} 29.Qd8 
{[%clk 0:01:33]} 29...Re8 {[%clk 0:07:58]} 30.Qc7 {[%clk 0:01:10]} 30...R8e7 
{[%clk 0:05:48]} 31.Qc8 {[%clk 0:00:53]} 31...Re8 {[%clk 0:05:55]} 32.R1b7 
{[%clk 0:00:37]} 32...Qxc2 {[%clk 0:02:24]} 33.Ne5+ {[%clk 0:00:33]} 33...Kg8 
{[%clk 0:02:19]} 34.Qxe8+ {[%clk 0:00:41]} 34...Rxe8 {[%clk 0:02:45]} 35.Rd8 
Rf8 {[%clk 0:03:10]} 36.Rxf8+ {[%clk 0:01:00]} 36...Bxf8 {[%clk 0:03:10]} 37.h3 
{[%clk 0:00:36]} 37...fxe5 {[%clk 0:02:42]} 38.dxe5 {[%clk 0:00:59]} 38...Qd1+ 
{[%clk 0:00:59]} 39.Kh2 {[%clk 0:01:28]} 39...Qd5 {[%clk 0:00:44]} 40.e6 {[%clk
0:01:15]} 40...Qd6+ {[%clk 0:00:48]} 41.f4 {[%clk 0:01:20]} 41...Qd5 {[%clk
0:00:34]} 42.e7 {[%clk 0:01:34]} 1-0

[Event "Najdorf Memorial B"]
[Site "Warsaw POL"]
[Date "2021.07.15"]
[Round "6.8"]
[White "Kaczmarek, Tomasz"]
[Black "Bartnik, Michal"]
[Result "0-1"]
[WhiteElo "1586"]
[BlackElo "1407"]
[EventDate "????.??.??"]
[PlyCount "84"]
[LiveChessVersion "1.4.8"]

1.d4 {[%clk 1:30:58]} 1...f5 {[%clk 1:30:53]} 2.Nf3 {[%clk 1:31:05]} 2...Nf6 
{[%clk 1:31:17]} 3.g3 {[%clk 1:28:09]} 3...g6 {[%clk 1:30:49]} 4.Bg2 {[%clk
1:28:38]} 4...Bg7 {[%clk 1:31:08]} 5.O-O {[%clk 1:29:06]} 5...O-O {[%clk
1:31:34]} 6.b3 {[%clk 1:23:34]} 6...d5 {[%clk 1:28:50]} 7.Bb2 {[%clk 1:21:40]} 
7...e6 {[%clk 1:29:08]} 8.c4 {[%clk 1:12:39]} 8...c6 {[%clk 1:27:39]} 9.Nc3 
{[%clk 1:13:02]} 9...b6 {[%clk 1:27:12]} 10.Ne5 {[%clk 1:10:09]} 10...Bb7 
{[%clk 1:25:00]} 11.Rc1 {[%clk 1:05:10]} 11...Qe7 {[%clk 1:21:03]} 12.f3 {[%clk
0:56:41]} 12...Nbd7 {[%clk 1:17:54]} 13.f4 {[%clk 0:56:24]} 13...Nxe5 {[%clk
1:16:38]} 14.dxe5 Ng4 {[%clk 1:14:15]} 15.Qe1 {[%clk 0:37:36]} 15...Ne3 {[%clk
1:14:03]} 16.Rf3 {[%clk 0:37:49]} 16...d4 {[%clk 1:12:57]} 17.Nd1 {[%clk
0:37:46]} 17...Nxg2 {[%clk 1:13:18]} 18.Kxg2 {[%clk 0:38:08]} 18...c5 {[%clk
1:13:44]} 19.Nf2 {[%clk 0:34:36]} 19...Bxf3+ {[%clk 1:13:52]} 20.exf3 {[%clk
0:35:00]} 20...a6 {[%clk 1:13:15]} 21.Nd3 {[%clk 0:35:13]} 21...Rac8 {[%clk
1:12:35]} 22.Ba3 {[%clk 0:33:46]} 22...Qd7 {[%clk 1:10:59]} 23.h3 {[%clk
0:32:39]} 23...h6 {[%clk 1:09:35]} 24.g4 {[%clk 0:30:25]} 24...Rf7 {[%clk
1:06:47]} 25.Rc2 {[%clk 0:28:47]} 25...Bf8 {[%clk 1:04:39]} 26.Kg3 {[%clk
0:27:10]} 26...Be7 {[%clk 1:03:52]} 27.h4 {[%clk 0:23:56]} 27...Qd8 28.Qh1 
{[%clk 0:23:10]} 28...Qd7 {[%clk 0:57:23]} 29.Qc1 {[%clk 0:21:27]} 29...Kh7 
{[%clk 0:56:28]} 30.Qd2 {[%clk 0:20:53]} 30...Kh8 {[%clk 0:55:47]} 31.Qc1 
{[%clk 0:21:11]} 31...Rh7 {[%clk 0:54:36]} 32.Qd2 {[%clk 0:19:29]} 32...a5 
{[%clk 0:53:17]} 33.Nb2 {[%clk 0:17:06]} 33...Rg8 {[%clk 0:52:45]} 34.g5 {[%clk
0:16:37]} 34...hxg5 {[%clk 0:51:23]} 35.fxg5 {[%clk 0:17:05]} 35...Qc7 {[%clk
0:51:08]} 36.Nd3 {[%clk 0:16:50]} 36...Kg7 {[%clk 0:50:01]} 37.Qe1 {[%clk
0:16:03]} 37...Rgh8 {[%clk 0:49:40]} 38.Nf4 {[%clk 0:16:06]} 38...Qc6 {[%clk
0:47:05]} 39.Ng2 {[%clk 0:16:15]} 39...Bxg5 {[%clk 0:45:23]} 40.Rf2 {[%clk
0:06:11]} 40...Bxh4+ {[%clk 0:45:07]} 41.Nxh4 {[%clk 0:06:39]} 41...Rxh4 {[%clk
0:45:36]} 42.Qe2 {[%clk 0:06:51]} 42...f4+ {[%clk 0:45:40]} 0-1

[Event "Najdorf Memorial B"]
[Site "Warsaw POL"]
[Date "2021.07.15"]
[Round "6.9"]
[White "Rog, Mateusz"]
[Black "Kozak, Jan"]
[Result "1-0"]
[WhiteElo "1523"]
[BlackElo "1285"]
[EventDate "????.??.??"]
[PlyCount "95"]
[LiveChessVersion "1.4.8"]

1.e4 {[%clk 1:30:56]} 1...d6 {[%clk 1:30:38]} 2.d4 {[%clk 1:31:21]} 2...g6 
{[%clk 1:31:01]} 3.f4 {[%clk 1:30:22]} 3...Bg7 {[%clk 1:31:26]} 4.Nf3 {[%clk
1:30:24]} 4...Nf6 {[%clk 1:31:35]} 5.Nc3 {[%clk 1:30:21]} 5...O-O {[%clk
1:31:55]} 6.Bc4 {[%clk 1:30:22]} 6...Nxe4 {[%clk 1:28:23]} 7.Bxf7+ {[%clk
1:29:22]} 7...Rxf7 {[%clk 1:28:37]} 8.Nxe4 {[%clk 1:29:47]} 8...Bf5 {[%clk
1:14:05]} 9.Qe2 {[%clk 1:26:07]} 9...Nc6 {[%clk 1:12:36]} 10.c3 {[%clk 1:23:31]} 
10...Qd7 {[%clk 1:09:04]} 11.Nfg5 {[%clk 1:22:28]} 11...Rff8 {[%clk 1:07:58]} 
12.d5 {[%clk 1:11:46]} 12...Nd8 {[%clk 1:07:42]} 13.h3 {[%clk 1:09:28]} 
13...Bxe4 {[%clk 1:02:53]} 14.Qxe4 {[%clk 1:08:27]} 14...Qf5 {[%clk 0:57:10]} 
15.Qxe7 {[%clk 1:06:16]} 15...Qxd5 {[%clk 0:57:09]} 16.O-O {[%clk 1:06:12]} 
16...h6 {[%clk 0:55:59]} 17.Nf3 {[%clk 1:05:03]} 17...Ne6 {[%clk 0:53:19]} 
18.Re1 {[%clk 0:56:36]} 18...Rae8 {[%clk 0:52:40]} 19.Qd7 {[%clk 0:56:46]} 
19...Nc5 {[%clk 0:49:24]} 20.Qxe8 {[%clk 0:47:38]} 20...Rxe8 {[%clk 0:49:40]} 
21.Rxe8+ {[%clk 0:48:02]} 21...Kf7 {[%clk 0:50:02]} 22.Re1 {[%clk 0:46:26]} 
22...b5 {[%clk 0:49:37]} 23.Be3 {[%clk 0:46:15]} 23...Ne6 {[%clk 0:47:49]} 
24.a4 {[%clk 0:44:23]} 24...b4 {[%clk 0:46:43]} 25.cxb4 {[%clk 0:43:30]} 
25...Bxb2 {[%clk 0:46:35]} 26.Rab1 {[%clk 0:43:47]} 26...Bf6 {[%clk 0:44:16]} 
27.b5 {[%clk 0:41:43]} 27...Qa2 {[%clk 0:41:50]} 28.Bxa7 {[%clk 0:37:15]} 
28...Nxf4 {[%clk 0:42:03]} 29.Bf2 {[%clk 0:36:48]} 29...Qxa4 {[%clk 0:41:25]} 
30.b6 {[%clk 0:36:48]} 30...cxb6 {[%clk 0:41:10]} 31.Rxb6 {[%clk 0:37:12]} 
31...Nd3 {[%clk 0:36:39]} 32.Rb7+ {[%clk 0:37:22]} 32...Kf8 {[%clk 0:36:48]} 
33.Re6 {[%clk 0:36:12]} 33...Qa1+ {[%clk 0:34:27]} 34.Be1 {[%clk 0:35:13]} 
34...Nxe1 {[%clk 0:33:30]} 35.Rxe1 {[%clk 0:34:11]} 35...Qc3 {[%clk 0:32:37]} 
36.Rb8+ {[%clk 0:33:01]} 36...Kf7 {[%clk 0:32:51]} 37.Rb7+ {[%clk 0:33:26]} 
37...Kf8 {[%clk 0:33:14]} 38.Rf1 {[%clk 0:31:32]} 38...Qe3+ {[%clk 0:33:23]} 
39.Kh1 {[%clk 0:31:56]} 39...g5 {[%clk 0:29:51]} 40.h4 {[%clk 0:27:59]} 
40...Qe2 {[%clk 0:26:18]} 41.Nh2 {[%clk 0:24:51]} 41...g4 {[%clk 0:21:13]} 
42.Rxf6+ {[%clk 0:24:10]} 42...Ke8 {[%clk 0:21:35]} 43.Rf1 {[%clk 0:23:49]} 
43...g3 {[%clk 0:21:53]} 44.Rbb1 {[%clk 0:24:08]} 44...gxh2 {[%clk 0:21:41]} 
45.Rbe1 {[%clk 0:24:31]} 45...Qxe1 {[%clk 0:22:04]} 46.Rxe1+ {[%clk 0:24:56]} 
46...Kd7 {[%clk 0:22:32]} 47.g4 {[%clk 0:25:16]} 47...d5 {[%clk 0:22:54]} 48.g5 
{[%clk 0:25:43]} 1-0